En 1882, quel temps fallait-il en train pour aller de Paris à... - Statistiques

Statistiques générales
  • Ce quiz a été pris 50 fois
  • Le résultat moyen est 8 sur 30
Statistiques - réponses
Hint Réponse % Correct
Nice 23h30
68%
Reims 03h00
56%
Foix 19h30
44%
Rouen 02h40
40%
Dieppe 04h00
40%
Rennes 07h30
40%
Cherbourg 08h55
36%
Vannes 12h45
36%
Grenoble 13h35
36%
Lyon 08h50
32%
Bordeaux 09h05
32%
Epinal 09H35
32%
Perpignan 18h20
32%
Le Mans 04h05
24%
Chaumont 04h15
24%
La Roche-sur-Yon 08h10
24%
Besançon 08h30
24%
Toulouse 14h10
24%
Lille 04h10
20%
Tours 05h50
20%
Nancy 06h35
20%
Dijon 05h45
16%
La Rochelle 08h45
16%
Marseille 15h35
16%
Clermont-Ferrand 08h40
12%
Quimper 16h10
12%
Hendaye 16h55
12%
Brest 13h45
8%
Rodez 14h40
4%
Albertville 14h55
4%
Aucun quiz correspondant
Distribution des résultats
% des personnes avec chaque résultat
Percentile par nombre de réponses
Votre historique - résultats
Vous n’avez pas pris ce quiz